000 00272 a2200097 4500
082 _a624.171 AUT
100 _aAu, Tung
245 _aElementary Structural Mechanics
_cTung Au
260 _aNew Jersey :
_bPrentice Hall of India,
_c1963
300 _a521p. :
_bill. ;
_c25 cm
650 _aStructural Mechanics
999 _c1239
_d1239